|
|
|
|
| LEADER |
02985nam a2200721 i 4500 |
| 001 |
nkc20162855806 |
| 003 |
CZ PrNK |
| 005 |
20170210062638.0 |
| 007 |
ta |
| 008 |
170105t20162016xr ah e c 000 0dcze |
| 020 |
|
|
|a 978-80-7036-508-3
|q (v knize neuvedeno ;
|q brožováno)
|
| 040 |
|
|
|a ABA001
|b cze
|d OLA001
|e rda
|
| 041 |
1 |
|
|a cze
|a eng
|h cze
|
| 043 |
|
|
|a e-xr---
|a e-gx---
|
| 045 |
|
|
|a r-s-
|
| 072 |
|
7 |
|a 72/76
|x Výtvarné umění
|2 Konspekt
|9 21
|
| 080 |
|
|
|a 929.731
|2 MRF
|
| 080 |
|
|
|a 27-557
|2 MRF
|
| 080 |
|
|
|a 72/76(437.3)
|2 MRF
|
| 080 |
|
|
|a 7.033
|2 MRF
|
| 080 |
|
|
|a 745.05
|2 MRF
|
| 080 |
|
|
|a (437.3)
|2 MRF
|
| 080 |
|
|
|a (430)
|2 MRF
|
| 080 |
|
|
|a (083.824)
|2 MRF
|
| 100 |
1 |
|
|a Antonín, Robert,
|d 1977-
|7 js20060303001
|4 aut
|
| 245 |
1 |
0 |
|a Když císař umírá :
|b výstava v Českém muzeu hudby = When the emperor is dying : the exhibition at the Czech Museum of Music /
|c hlavní autoři Robert Antonín, Vít Vlnas ; překlad Překladatelská agentura Loggos
|
| 246 |
3 |
1 |
|a When the emperor is dying
|
| 264 |
|
1 |
|a [Praha] :
|b Národní muzeum,
|c [2016]
|
| 264 |
|
4 |
|c ©2016
|
| 300 |
|
|
|a 40 nečíslovaných stran :
|b ilustrace (převážně barevné), faksimile ;
|c 15 x 21 cm
|
| 336 |
|
|
|a text
|b txt
|2 rdacontent
|
| 336 |
|
|
|a statický obraz
|b sti
|2 rdacontent
|
| 337 |
|
|
|a bez média
|b n
|2 rdamedia
|
| 338 |
|
|
|a svazek
|b nc
|2 rdacarrier
|
| 500 |
|
|
|a Název z obálky
|
| 546 |
|
|
|a Souběžný anglický text
|
| 600 |
0 |
7 |
|a Karel
|b IV.,
|c český král a římský císař,
|d 1316-1378
|7 jk01053000
|2 czenas
|
| 648 |
|
7 |
|a 14. století
|7 ch460552
|2 czenas
|
| 648 |
|
7 |
|a 14.-15. století
|7 ch460617
|2 czenas
|
| 650 |
0 |
7 |
|a panovníci
|7 ph117250
|z Česko
|y 14. století
|2 czenas
|
| 650 |
0 |
7 |
|a panovníci
|7 ph117250
|z Svatá říše římská
|y 14. století
|2 czenas
|
| 650 |
0 |
7 |
|a panovníci
|7 ph117250
|x úmrtí
|2 czenas
|
| 650 |
0 |
7 |
|a pohřební obřady
|7 ph138536
|2 czenas
|
| 650 |
0 |
7 |
|a české výtvarné umění
|7 ph116865
|y 14.-15. století
|2 czenas
|
| 650 |
0 |
7 |
|a středověké umění
|7 ph126240
|z Česko
|2 czenas
|
| 650 |
0 |
7 |
|a hmotná kultura
|7 ph122679
|z Česko
|y 14.-15. století
|2 czenas
|
| 650 |
0 |
9 |
|a kings and rulers
|z Czechia
|y 14th century
|2 eczenas
|
| 650 |
0 |
9 |
|a kings and rulers
|z Holy Roman Empire
|y 14th century
|2 eczenas
|
| 650 |
0 |
9 |
|a kings and rulers
|x death
|2 eczenas
|
| 650 |
0 |
9 |
|a funeral ceremonies
|2 eczenas
|
| 650 |
0 |
9 |
|a Czech art
|y 14th-15th centuries
|2 eczenas
|
| 650 |
0 |
9 |
|a medieval art
|z Czechia
|2 eczenas
|
| 650 |
0 |
9 |
|a material culture
|z Czechia
|y 14th-15th centuries
|2 eczenas
|
| 655 |
|
7 |
|a katalogy výstav
|7 fd132536
|2 czenas
|
| 655 |
|
9 |
|a exhibition catalogs
|2 eczenas
|
| 700 |
1 |
|
|a Vlnas, Vít,
|d 1962-
|7 jn19990209996
|4 aut
|
| 710 |
2 |
|
|a Loggos (firma)
|7 ko2017937874
|4 trl
|
| 710 |
2 |
|
|a České muzeum hudby (Praha, Česko)
|7 ko2004175709
|4 orm
|
| 910 |
2 |
|
|a BOA001
|b 2-1382.093
|
| 990 |
|
|
|a BK
|
| 995 |
|
|
|a 11
|
| 991 |
|
|
|b 201702
|c NOV
|
| 996 |
6 |
|
|b 2610696032
|c 2-1382.093
|l MZK
|r Sklad / do 1 hodiny
|n 2
|p p.v.
|w 001597873
|u 000010
|a 1
|e BOA001
|j MZK50
|s P
|